[Event "DS"]
[Site "Brno CZE"]
[Date "2007.07.01"]
[Round "3"]
[White "Coleman,J"]
[Black "Vyskocil,N"]
[Result "0-1"]
[WhiteElo "2170"]
[BlackElo "2349"]

1.d4 Nf6 2.c4 e6 3.Nc3 Bb4 4.Qc2 O-O 5.a3 Bxc3+ 6.Qxc3 d6 7.Nf3 Nbd7 8.Bg5 b6
9.e3 Bb7 10.Be2 Rc8 11.Rd1 Ne4 12.Bxd8 Nxc3 13.bxc3 Rfxd8 14.O-O Nf6 15.Nd2 c5
16.a4 Ba6 17.a5 Nd5 18.Rc1 bxa5 19.cxd5 Bxe2 20.Rfe1 Bb5 21.dxe6 fxe6 22.Ra1 cxd4
23.cxd4 a4 24.Ne4 h6 25.Ra3 Rc4 26.Rb1 a6 27.h3 e5 28.Nc3 Rdc8 29.Nd5 Rc1+
30.Rxc1 Rxc1+ 31.Kh2 Rb1 32.dxe5 dxe5 33.Kg3 Kf7 34.f4 Ke6 35.Nc7+ Kd6 36.Nxa6 Rb3
37.fxe5+ Kxe5 38.Ra2 Bxa6 39.Rxa4 Bb7 40.Rg4 Rb2 41.Kh2 g5 42.h4 Bf3 43.Rg3 g4  0-1

[Event "IM"]
[Site "Antwerp BEL"]
[Date "2007.07.02"]
[Round "3"]
[White "De Jong,JW"]
[Black "Docx,S"]
[Result "1-0"]
[WhiteElo "2426"]
[BlackElo "2338"]

1.d4 Nf6 2.c4 e6 3.Nc3 Bb4 4.Qc2 O-O 5.a3 Bxc3+ 6.Qxc3 b5 7.cxb5 c6 8.Qd3 cxb5
9.Bg5 h6 10.Bh4 Nc6 11.Nf3 Qa5+ 12.Nd2 Nd5 13.Bg3 Ndb4 14.Qc3 Nxd4 15.Rc1 Nbc2+
16.Rxc2 Nxc2+ 17.Qxc2 Bb7 18.e3 Rfc8 19.Qd1 b4 20.axb4 Qxb4 21.Be5 d6 22.Bc3 Rxc3
23.bxc3 Qxc3 24.Be2 Bxg2 25.Rg1 Bd5 26.e4 Bxe4 27.Rg3 Qa5 28.Kf1 Bd5 29.Qc1 Rb8
30.Nf3 Kh8 31.Qf4 Qa1+ 32.Kg2 e5 33.Qf5 Be6 34.Qe4 Qc1 35.Bd3 f5 36.Qh4 Qc7
37.Qh5 Rf8 38.Rg6 Bc8 39.Ng5 d5 40.Bb5 Qe7 41.Be8 Rf6 42.Nf7+ Kh7 43.Nxh6  1-0

[Event "ChIP"]
[Site "Paris FRA"]
[Date "2007.07.07"]
[Round "1"]
[White "Roos,J"]
[Black "Dizdar,G"]
[Result "1/2-1/2"]
[WhiteElo "2304"]
[BlackElo "2553"]

1.d4 Nf6 2.c4 e6 3.Nc3 Bb4 4.Qc2 O-O 5.Nf3 d6 6.g3 e5 7.Bg2 e4 8.Nd2 Nc6
9.e3 Bf5 10.Ndxe4 Nxe4 11.Bxe4 Nxd4 12.Qd3 Bxc3+ 13.bxc3 Nf3+ 14.Ke2 Ne5
15.Qc2 Bxe4 16.Qxe4 Qd7 17.Rd1 Qa4 18.f4 Nxc4 19.Rd4 b5 20.Qb1 Rfe8 21.Qb3 Qa6
22.a4 c5 23.Rd3 Rab8 24.Kf2 b4 25.cxb4 Rxb4 26.Qc2 Reb8 27.Ra2 Qc6 28.Rc3 d5
29.e4 Nd6 30.exd5 Qxd5 31.Rd3 Rd4 32.Rxd4 cxd4 33.Rb2 Rc8 34.Qb1 Qh1 35.Rb8 Qxh2+
36.Kf1 Qh3+ 37.Kf2 Ne4+ 38.Kf3 Qh1+ 39.Ke2 Nc3+ 40.Kf2 Qh2+  1/2-1/2

[Event "FSIMB July"]
[Site "Budapest HUN"]
[Date "2007.07.08"]
[Round "2"]
[White "Gauri,S"]
[Black "Lengyel,B"]
[Result "1/2-1/2"]
[WhiteElo "2177"]
[BlackElo "2289"]

1.d4 Nf6 2.c4 e6 3.Nc3 Bb4 4.Qc2 O-O 5.a3 Bxc3+ 6.Qxc3 b6 7.Bg5 Bb7 8.e3 d6
9.Ne2 Nbd7 10.Qd3 h6 11.Bh4 e5 12.Nc3 Re8 13.d5 Nc5 14.Qd1 g5 15.Bg3 c6 16.b4 Nce4
17.Nxe4 Nxe4 18.f3 Nxg3 19.hxg3 Qf6 20.e4 cxd5 21.cxd5 Rec8 22.Qd2 Rc7 23.Bd3 Kg7
24.Ke2 Rac8 25.Rac1 Qe7 26.g4 Qd7 27.Qb2 f6 28.Rxc7 Qxc7 29.Kd2 b5 30.Qc1 Qb6
31.Qg1 Qa6 32.Qh2 Rh8 33.Rc1 Rc8 34.Rh1 Rh8  1/2-1/2

[Event "Lake Sevan"]
[Site "Martuni ARM"]
[Date "2007.07.10"]
[Round "5"]
[White "Grigoryan,Av"]
[Black "Petrosian,TL"]
[Result "0-1"]
[WhiteElo "2455"]
[BlackElo "2580"]

1.d4 Nf6 2.c4 e6 3.Nc3 Bb4 4.Qc2 O-O 5.a3 Bxc3+ 6.Qxc3 b5 7.cxb5 c6 8.a4 cxb5
9.axb5 Bb7 10.f3 Nd5 11.Qd2 f5 12.e3 a6 13.b3 axb5 14.Rxa8 Bxa8 15.Bd3 Qh4+
16.Qf2 Qe7 17.Qd2 Nc6 18.Nh3 Qh4+ 19.Qf2 Qd8 20.O-O Qb6 21.Bb2 Na5 22.Qe1 b4
23.e4 Nc3 24.Bxc3 bxc3 25.Qxc3 Nxb3 26.Rb1 Qxd4+ 27.Qxd4 Nxd4 28.exf5 Nxf5
29.Ng5 h6 30.Ne4 Bxe4 31.Bxe4 Ne7 32.Rb7 Rd8 33.Bd3 Kf7 34.Bb5 d5 35.Bd7 Kf6
36.Kf2 Nf5 37.Ra7 Rb8 38.Ra6 Rb2+ 39.Kf1 Ne3+ 40.Kg1 Rxg2+ 41.Kh1 Ke7 42.Rxe6+ Kxd7
43.Rxe3 Rg6 44.Rd3 Kd6 45.Rd1 Kc5 46.Rc1+ Kb4 47.Rd1 Kc4 48.Rc1+ Kb3 49.Rd1 Rd6
50.Kg2 d4 51.Kf2 Kc2 52.Ra1 d3 53.Ra2+ Kb1 54.Rd2 Kc1 55.Ke3 Re6+  0-1

[Event "XXII Tadeusz Gniota Mem"]
[Site "Police POL"]
[Date "2007.07.11"]
[Round "1"]
[White "Figura,A"]
[Black "Chlost,M"]
[Result "1-0"]
[WhiteElo "2413"]
[BlackElo "2120"]

1.d4 Nf6 2.c4 e6 3.Nc3 Bb4 4.Qc2 O-O 5.a3 Bxc3+ 6.Qxc3 b5 7.cxb5 c6 8.Nf3 cxb5
9.Bg5 Bb7 10.e3 a6 11.Bd3 Nc6 12.O-O Rc8 13.Qe1 h6 14.Bh4 Qe7 15.e4 e5 16.d5 Nb8
17.a4 bxa4 18.Rxa4 Rc7 19.Nxe5 d6 20.Nc4 Re8 21.f3 Nbd7 22.b4 Rec8 23.Ne3 Ne5
24.Nf5 Qd7 25.Ra3 Nxd3 26.Rxd3 Nxd5 27.Qg3 g6 28.Rxd5 Bxd5 29.Ne7+ Kg7 30.Nxd5 Rc1
31.Qf2 R8c2 32.Qd4+ f6 33.Qxf6+ Kh7 34.Qe7+ Qxe7 35.Bxe7 Rxf1+ 36.Kxf1 Rc6
37.Bf8 h5 38.h4 Kh8 39.Kf2 Kh7 40.Ke3 Kh8 41.Kf4 Rc2 42.g3 Rc6 43.Kg5  1-0

[Event "Open"]
[Site "Ghent BEL"]
[Date "2007.07.14"]
[Round "2"]
[White "Van Vliet,D"]
[Black "Baklan,V"]
[Result "0-1"]
[WhiteElo "2085"]
[BlackElo "2648"]

1.d4 Nf6 2.c4 e6 3.Nc3 Bb4 4.Qc2 O-O 5.a3 Bxc3+ 6.Qxc3 d6 7.Bg5 Nbd7 8.f3 c5
9.dxc5 dxc5 10.e3 e5 11.Ne2 h6 12.Bh4 a6 13.Rd1 b5 14.Nc1 Rb8 15.Bd3 e4 16.fxe4 Qe8
17.O-O Nxe4 18.Qc2 Ng5 19.Kh1 bxc4 20.Bxc4 Ne5 21.Bd5 Bg4 22.Rde1 c4 23.Bg3 Rd8
24.e4 Kh8 25.Bxe5 Qxe5 26.Qxc4 Qxb2 27.Qxa6 f5 28.Nd3 Be2 29.Qxh6+ gxh6 30.Nxb2 Bxf1
31.Rxf1 Kg7 32.Nc4 Nxe4 33.Ne3 Nd2 34.Rf2 f4 35.Nc4 Ne4  0-1

[Event "Inautomarket Open"]
[Site "Minsk BLR"]
[Date "2007.07.14"]
[Round "5"]
[White "Dydyshko,V"]
[Black "Ostrovskiy,And"]
[Result "1-0"]
[WhiteElo "2572"]
[BlackElo "2417"]

1.d4 Nf6 2.c4 e6 3.Nc3 Bb4 4.Qc2 O-O 5.a3 Bxc3+ 6.Qxc3 d6 7.Nf3 Nbd7 8.g3 b6
9.Bg2 Bb7 10.O-O c5 11.Rd1 Rc8 12.b3 cxd4 13.Qxd4 Nc5 14.Qb2 Qe7 15.Bf4 d5
16.Rac1 Rfd8 17.Ne5 dxc4 18.Nxc4 Bxg2 19.Kxg2 Nd5 20.Be5 f6 21.Bd4 Ne4 22.f3 Nd6
23.e4 Nxc4 24.bxc4 Nc7 25.c5 e5 26.cxb6 Ne6 27.b7 Rb8 28.Bxa7 Rxb7 29.Rxd8+ Nxd8
30.Qa2+ Ne6 31.Be3 h5 32.a4 Kh7 33.a5 Nd4 34.a6 Ra7 35.Bxd4 exd4 36.Qd5 Qe5
37.Qxe5 fxe5 38.Ra1 Kg6 39.Kf2 Kf6 40.h4  1-0

[Event "Open"]
[Site "Ghent BEL"]
[Date "2007.07.15"]
[Round "4"]
[White "Clemens,A"]
[Black "Baklan,V"]
[Result "0-1"]
[WhiteElo "2307"]
[BlackElo "2648"]

1.d4 Nf6 2.c4 e6 3.Nc3 Bb4 4.Qc2 O-O 5.a3 Bxc3+ 6.Qxc3 d6 7.Bg5 Nbd7 8.e3 b6
9.Nf3 Bb7 10.Be2 Rc8 11.Qb3 h6 12.Bh4 c5 13.O-O Qc7 14.Rac1 Ne4 15.Rfd1 f5
16.Nd2 Nxd2 17.Rxd2 cxd4 18.Rxd4 e5 19.Rdd1 Nc5 20.Qa2 g5 21.b4 gxh4 22.bxc5 dxc5
23.h3 Qg7 24.f3 Kh8 25.Rd6 Rg8 26.Bf1 Rcd8 27.Rxd8 Rxd8 28.Qf2 Qg3 29.Be2 Kg7
30.Rd1 Rxd1+ 31.Bxd1 Qxf2+ 32.Kxf2 f4 33.exf4 exf4 34.Ke1 Bc6 35.a4 Kf6 36.Kd2 Ke5
37.Kc3 a6 38.Bb3 b5 39.cxb5 axb5 40.a5 Bb7 41.Bc2 Ba6 42.Be4 b4+ 43.Kb3 Kd4
44.Bf5 Bc4+ 45.Kc2 Kd5 46.Be4+ Kd6 47.Bb7 Kc7 48.Be4 Kb8  0-1

[Event "Zudov Mem B"]
[Site "Nizhnij Tagil RUS"]
[Date "2007.07.17"]
[Round "11"]
[White "Shestakov,D"]
[Black "Pogromsky,M"]
[Result "1/2-1/2"]
[WhiteElo "2335"]
[BlackElo "2415"]

1.d4 Nf6 2.c4 e6 3.Nc3 Bb4 4.Qc2 O-O 5.e4 Bxc3+ 6.bxc3 d5 7.e5 Ne4 8.Bd3 c5
9.Bxe4 dxe4 10.Qxe4 Qa5 11.Bd2 Qa4 12.Nf3 h6 13.h4 Nd7 14.Bxh6 gxh6 15.Rh3 f5
16.exf6 Rxf6 17.Rg3+ Kf8 18.Ne5 Ke8 19.dxc5 Nf8 20.Rd1 Qa5 21.Qd4 Qc7 22.Rg8 Qe7
23.g3 Qc7 24.Nd7 Rf5 25.Nxf8 Qe5+ 26.Qxe5 Rxe5+ 27.Kf1 Kf7 28.Rd8 Rxc5 29.Ng6 e5
30.Rdf8+ Ke6 31.Kg1 Rxc4 32.Re8+ Kd6 33.Nxe5 Rxc3 34.Nf7+ Kc7 35.Nxh6 b5
36.Kh2 Rc2 37.g4 Rxf2+ 38.Kg3 Rxa2 39.g5 b4 40.g6 Ra1 41.g7 Rg1+ 42.Kf2 Rg6
43.h5 Rg5 44.Ke3 b3 45.Nf7 Rg1 46.Rxc8+ Rxc8 47.Rxc8+ Kxc8 48.h6 b2 49.h7 b1=Q
50.g8=Q+ Rxg8 51.hxg8=Q+ Kd7  1/2-1/2

[Event "Najdorf Mem GpA"]
[Site "Grodzisk Mazowiecki POL"]
[Date "2007.07.20"]
[Round "1"]
[White "Soloviova,L"]
[Black "Staniszewski,Pi"]
[Result "0-1"]
[WhiteElo "2098"]
[BlackElo "2402"]

1.d4 Nf6 2.c4 e6 3.Nc3 Bb4 4.Qc2 O-O 5.Nf3 c5 6.dxc5 Na6 7.e3 Nxc5 8.Be2 b6
9.O-O Bb7 10.a3 Bxc3 11.Qxc3 Rc8 12.b4 Nce4 13.Qb3 Qc7 14.Bb2 Ng4 15.g3 Ba8
16.Nh4 Ne5 17.Bxe5 Qxe5 18.Qd3 d5 19.cxd5 Bxd5 20.Rac1 Nc3 21.Qd2 Rfd8 22.Qb2 g5
23.Ng2 Nxe2+ 24.Qxe2 Rxc1 25.Rxc1 Qe4 26.f4 h6 27.fxg5 hxg5 28.Rc7 Bc6 29.h3 Rd1+
30.Kh2 Qb1 31.g4 Rh1+ 32.Kg3 Bxg2 33.Kxg2 Qe4+ 34.Kf2 Rh2+ 35.Ke1 Qb1+ 36.Kd2 Qa2+  0-1

[Event "Najdorf Mem GpA"]
[Site "Grodzisk Mazowiecki POL"]
[Date "2007.07.21"]
[Round "2"]
[White "Gasanov,E"]
[Black "Leniart,A"]
[Result "1-0"]
[WhiteElo "2498"]
[BlackElo "2357"]

1.d4 Nf6 2.c4 e6 3.Nc3 Bb4 4.Qc2 O-O 5.a3 Bxc3+ 6.Qxc3 Ne4 7.Qc2 f5 8.Nh3 b6
9.f3 Nf6 10.e3 Bb7 11.Bd3 c5 12.b3 Nc6 13.Bb2 Qe7 14.O-O Qd6 15.Qc3 Qe7 16.Rfe1 d6
17.b4 Rad8 18.Nf4 g5 19.Nxe6 Qxe6 20.d5 Qd7 21.dxc6 Bxc6 22.Rad1 g4 23.fxg4 fxg4
24.Rf1 g3 25.Rxf6 gxh2+ 26.Kxh2 Qg4 27.Rg6+ hxg6 28.Qg7+  1-0

[Event "MTO"]
[Site "Biel SUI"]
[Date "2007.07.23"]
[Round "1"]
[White "Gauri,S"]
[Black "Cebalo,M"]
[Result "0-1"]
[WhiteElo "2177"]
[BlackElo "2533"]

1.d4 Nf6 2.c4 e6 3.Nc3 Bb4 4.Qc2 O-O 5.a3 Bxc3+ 6.Qxc3 b6 7.Bg5 Bb7 8.e3 d6
9.Ne2 Nbd7 10.Qd3 c5 11.Nc3 Qe7 12.Rd1 Rfd8 13.d5 h6 14.Bh4 Ne5 15.Qc2 Ng6
16.Bg3 exd5 17.cxd5 a6 18.a4 Re8 19.Be2 Rac8 20.b3 Ne5 21.Bc4 Nh5 22.O-O Nxg3
23.hxg3 Qf6 24.Rfe1 Rc7 25.e4 Rce7 26.Rd2 Qg6 27.Be2 Bc8 28.Kh2 h5 29.f4 h4
30.gxh4 Ng4+ 31.Bxg4 Qxg4 32.Rf2 Qxh4+ 33.Kg1 f5 34.e5 dxe5 35.Qd2 Bd7 36.fxe5 Rxe5
37.Rxe5 Rxe5 38.d6 Qd4 39.Qxd4 cxd4 40.Nd1 Re1+ 41.Rf1 Rxf1+ 42.Kxf1 Kf7
43.Ke2 Bc6 44.Kd3 Bxg2 45.Kxd4 Ke6 46.Ne3 Be4 47.Nc4 b5 48.axb5 axb5 49.Na3 Bc6
50.Kc5 Kd7 51.Nc2 f4 52.Ne1 Be4 53.Kd4 f3  0-1

[Event "Sun Pawn Open"]
[Site "Ilichevsk UKR"]
[Date "2007.07.24"]
[Round "5"]
[White "Zazuliak,A"]
[Black "Agafii,V"]
[Result "1/2-1/2"]
[WhiteElo "2146"]
[BlackElo "2329"]

1.d4 e6 2.c4 Nf6 3.Nc3 Bb4 4.Qc2 O-O 5.a3 Bxc3+ 6.Qxc3 b6 7.Bg5 Bb7 8.Nf3 h6
9.Bh4 d6 10.e3 Nbd7 11.Be2 Qe8 12.O-O Ne4 13.Qc2 f5 14.Nd2 g5 15.Bg3 e5 16.dxe5 dxe5
17.f3 Nxg3 18.hxg3 Kg7 19.Qc3 Rf6 20.b4 c5 21.Nb3 Rc8 22.Rfd1 h5 23.Rd2 Rc7
24.Rad1 Qe7 25.Kf2 Kg6  1/2-1/2

[Event "Open NK"]
[Site "Dieren NED"]
[Date "2007.07.25"]
[Round "2"]
[White "Van Vliet,H"]
[Black "Schuurman,P"]
[Result "0-1"]
[WhiteElo "2023"]
[BlackElo "2290"]

1.d4 Nf6 2.c4 e6 3.Nc3 Bb4 4.Qc2 O-O 5.e4 d5 6.e5 Ne4 7.Bd3 c5 8.a3 Bxc3+
9.bxc3 Qa5 10.Ne2 cxd4 11.cxd5 exd5 12.O-O dxc3 13.Bxe4 dxe4 14.Qxe4 Nc6
15.f4 Be6 16.Rb1 Rab8 17.Qd3 Qc5+ 18.Kh1 Qc4 19.Qe3 Bf5 20.Ra1 Bd3 21.Re1 Rfd8
22.h3 Bxe2 23.Rxe2 Nd4 24.Rf2 Nb3 25.Rb1 Rd1+ 26.Kh2 Rxc1 27.Rxc1 Nxc1 28.Qxc1 Rc8
29.f5 Qe4  0-1

[Event "IMA"]
[Site "Dimitrov RUS"]
[Date "2007.07.25"]
[Round "7"]
[White "Grebenshikov,V"]
[Black "Shefer,A"]
[Result "1-0"]
[WhiteElo "2307"]
[BlackElo "2075"]

1.d4 Nf6 2.c4 e6 3.Nc3 Bb4 4.Qc2 O-O 5.a3 Bxc3+ 6.Qxc3 b6 7.Nf3 Bb7 8.g3 d6
9.Bg2 Nbd7 10.O-O Rc8 11.b4 c5 12.dxc5 bxc5 13.Rd1 Qe7 14.Bb2 Nb6 15.b5 Na4
16.Qb3 Nxb2 17.Qxb2 d5 18.Ne5 d4 19.Nc6 Bxc6 20.Bxc6 e5 21.Qd2 Qe6 22.Rac1 h6
23.f3 e4 24.e3 Rfd8 25.fxe4 Nxe4 26.Qd3 Nf6 27.Re1 Qg4 28.e4 Qh5 29.Rc2 Ng4
30.Qf3 Qg5 31.Bd5 Ne5 32.Qf1 Rd6 33.Rf2 Rf6 34.Rxf6 gxf6 35.Qh3 Rf8 36.Rf1 Ng4
37.Rf4 h5 38.Qf1 Kg7 39.h3 Ne3 40.Qf3 Rg8 41.h4 Qg6 42.Kh2 Kf8 43.Bc6 Rg7
44.Bd7 Kg8 45.Rxf6 Nf1+ 46.Kg2 Qxg3+ 47.Qxg3 Nxg3 48.Kf3 Nf1 49.Rc6 Nh2+
50.Kf4 f6 51.Be6+ Kf8 52.Rxc5 Re7 53.Kf5 Kg7 54.Rc8 Nf3 55.Rg8+ Kh7 56.Rd8 Kg7
57.Rg8+ Kh7 58.Rg3 Nxh4+ 59.Kxf6 Rc7 60.Rh3 Rg7 61.Rxh4  1-0

[Event "MTO"]
[Site "Biel SUI"]
[Date "2007.07.26"]
[Round "4"]
[White "Doric,D"]
[Black "Beckhuis,G"]
[Result "1/2-1/2"]
[WhiteElo "2488"]
[BlackElo "2338"]

1.d4 e6 2.c4 Nf6 3.Nc3 Bb4 4.Qc2 O-O 5.a3 Bxc3+ 6.Qxc3 b6 7.Bg5 Bb7 8.e3 d6
9.f3 Nbd7 10.Nh3 c5 11.dxc5 bxc5 12.Be2 a5 13.O-O Qb6 14.Rfd1 d5 15.Rac1 Ba6
16.Nf2 e5 17.Qd2 d4 18.exd4 exd4 19.b4 axb4 20.axb4 Qxb4 21.Qxb4 cxb4 22.Rxd4 h6
23.Bxf6 Nxf6 24.Nd3 Rfe8 25.Kf2 b3 26.Rb1 Rac8 27.Nb4 Rxe2+ 28.Kxe2 Bxc4+
29.Kd2 Be6 30.g4 g5 31.Rc1 Ra8 32.Kc3 Kg7 33.Rcd1 Rc8+ 34.Kb2 h5 35.h3 hxg4
36.hxg4 Rh8 37.R1d2 Rh3 38.R4d3 Nd7 39.Rxd7 Bxd7 40.Rxd7 Rxf3 41.Nd3 Rg3
42.Rd4 f5 43.gxf5 Kf6 44.Rd5 Rf3 45.Kxb3 g4 46.Kc2 g3 47.Rd8 Kxf5 48.Re8 Kg5
49.Kd2 Rf6 50.Ne1 Kg4 51.Ke2 Rf2+ 52.Ke3 Ra2 53.Rg8+ Kh3 54.Kd3 Ra3+ 55.Ke2 Ra7
56.Kf3 Kh4 57.Rg4+ Kh5 58.Rxg3 Kh6 59.Kf4 Rg7 60.Rh3+ Kg6 61.Nf3  1/2-1/2

[Event "Open Women Bulgarian Ch"]
[Site "Vratsa BUL"]
[Date "2007.07.26"]
[Round "3"]
[White "Dragomirescu,An"]
[Black "Koen,M"]
[Result "1/2-1/2"]
[WhiteElo "2227"]
[BlackElo "2192"]

1.d4 Nf6 2.c4 e6 3.Nc3 Bb4 4.Qc2 O-O 5.Bg5 h6 6.Bh4 c5 7.dxc5 Bxc5 8.e3 Be7
9.Nf3 a6 10.Be2 d6 11.O-O Nbd7 12.Nd4 Qc7 13.Rac1 b6 14.Rfd1 Bb7 15.Qb1 Rac8
16.Bg3 Ne5 17.h3 Qb8 18.b3 Nfd7 19.Qb2 Qa8 20.Bf1 Rfe8 21.Rc2 Bf8 22.a3 Nc5
23.Rcd2 g6 24.Nde2 Ne4 25.Nxe4 Bxe4 26.Bxe5 dxe5 27.Ng3 Bc6 28.b4 Bg7 29.Qb1 Ba4
30.Rc1 Red8 31.Ne4 Rxd2 32.Nxd2 Rd8 33.Ne4 Bc6 34.Nc3 Bf8 35.Rd1 Rc8 36.Rd2 Be7
37.Qd1 Qb7 38.Qb1 Qa8 39.Qd1 Qb7 40.Qb1 Qa8  1/2-1/2

[Event "Sun Pawn Open"]
[Site "Ilichevsk UKR"]
[Date "2007.07.27"]
[Round "7"]
[White "Peskov,A"]
[Black "Zavgorodniy,S"]
[Result "1-0"]
[WhiteElo "2381"]
[BlackElo "2422"]

1.d4 Nf6 2.c4 e6 3.Nc3 Bb4 4.Qc2 O-O 5.Bg5 d6 6.Nf3 Qe7 7.e3 Bxc3+ 8.Qxc3 Re8
9.Bd3 h6 10.Bh4 e5 11.Nd2 exd4 12.Qxd4 Qe5 13.Bxf6 Qxf6 14.Qxf6 gxf6 15.Ne4 Nd7
16.O-O Kf8 17.Rfd1 Re5 18.Rac1 Ke7 19.Nc3 c6 20.Rd2 Nb6 21.Ne2 Be6 22.Nd4 Ra5
23.b3 Rg8 24.Be2 Bh3 25.Bf3 Rag5 26.g3 a5 27.Ne2 Be6 28.Nc3 Rf5 29.Be4 Rc5
30.Bg2 f5 31.Rd3 a4 32.Rcd1 Rd8 33.Bf1 Rd7 34.Rd4 axb3 35.axb3 Ra5 36.Ne2 Ra3
37.Rb1 c5 38.Rh4 d5 39.Nf4 dxc4 40.Nxe6 Kxe6 41.Rxh6+ f6 42.bxc4 Na4 43.Bg2 Nc3
44.Rb6+ Rd6 45.Rxf6+ Kxf6 46.Rxd6+ Ke5 47.Rb6 Ra1+ 48.Bf1 Nb1 49.Bd3  1-0

[Event "MTO"]
[Site "Biel SUI"]
[Date "2007.07.30"]
[Round "7"]
[White "Shipov,S"]
[Black "Zenklusen,R"]
[Result "1/2-1/2"]
[WhiteElo "2559"]
[BlackElo "2392"]

1.d4 Nf6 2.c4 e6 3.Nc3 Bb4 4.Qc2 O-O 5.a3 Bxc3+ 6.Qxc3 b6 7.Nf3 Ba6 8.Bg5 d6
9.e3 Nbd7 10.b4 c5 11.dxc5 bxc5 12.Bd3 Rc8 13.b5 Bb7 14.Nd2 h6 15.Bh4 Bxg2
16.Rg1 Bb7 17.O-O-O Kh8 18.f4 Rg8 19.Bc2 a6 20.a4 axb5 21.axb5 Ra8 22.Rg3 d5
23.Rdg1 Qa5 24.Qxa5 Rxa5 25.Bxf6 Nxf6 26.Nb3 Ra7 27.Nxc5 dxc4 28.b6 Ra1+
29.Kb2 Rxg1 30.Rxg1 Rb8 31.Rb1 Bc6 32.Kc1 Nd5 33.Be4 f5 34.Bf3 Kg8 35.Nxe6 Kf7
36.Nd4 Bb7 37.Nxf5 Ke6 38.Nxg7+ Kd7 39.Nf5 Nc3 40.Bxb7 Nxb1 41.Bd5 Rxb6 42.Bxc4 Rc6
43.Kxb1 Rxc4 44.Nxh6 Ke6 45.Kb2 Re4 46.Ng4 Kf5 47.h3 Rc4 48.Nf2 Rc8 49.Kb3 Re8
50.Ng4 Rh8 51.Nf2 Re8 52.Ng4  1/2-1/2

[Event "US Open"]
[Site "Cherry Hill USA"]
[Date "2007.07.31"]
[Round "4"]
[White "Sarkar,J"]
[Black "Milisits,R"]
[Result "1-0"]
[WhiteElo "2403"]
[BlackElo "2238"]

1.d4 Nf6 2.c4 e6 3.Nc3 Bb4 4.Qc2 O-O 5.a3 Bxc3+ 6.Qxc3 b6 7.Bg5 h6 8.Bh4 Bb7
9.e3 d6 10.Ne2 Nbd7 11.Qd3 c5 12.Nc3 a6 13.Rd1 Qc7 14.dxc5 dxc5 15.Qd6 Qxd6
16.Rxd6 g5 17.Bg3 Rfd8 18.f3 Ne8 19.Rd2 Nf8 20.h4 Rxd2 21.Kxd2 Rd8+ 22.Kc2 Bc6
23.hxg5 hxg5 24.Bd3 Kg7 25.b4 cxb4 26.axb4 f6 27.Ra1 Ra8 28.Be4 Bxe4+ 29.Nxe4 e5
30.Kb3 Kf7 31.Nc3 Nc7 32.e4 Nfe6 33.Bf2 Rb8 34.Nd5 a5 35.Bxb6 Nxd5 36.exd5 Rxb6
37.dxe6+ Kxe6 38.Rxa5 f5 39.c5 Rb8 40.Ra6+ Kf7 41.Kc4 e4 42.fxe4 fxe4 43.c6 e3
44.Ra2 Ke6 45.Kc5  1-0

[Event "MTO"]
[Site "Biel SUI"]
[Date "2007.08.01"]
[Round "9"]
[White "Gauri,S"]
[Black "Klauser,M"]
[Result "1-0"]
[WhiteElo "2177"]
[BlackElo "2391"]

1.d4 Nf6 2.c4 e6 3.Nc3 Bb4 4.Qc2 O-O 5.a3 Bxc3+ 6.Qxc3 b6 7.Bg5 Ba6 8.Qf3 Nc6
9.e3 Na5 10.Rc1 Bb7 11.Qd1 h6 12.Bh4 c5 13.b4 Nc6 14.b5 Nb8 15.Nf3 d6 16.Bd3 Nbd7
17.Bg3 cxd4 18.exd4 e5 19.Bf5 Ne4 20.Bxd7 Qxd7 21.dxe5 Nxg3 22.hxg3 Bxf3
23.Qxf3 dxe5 24.O-O Rad8 25.c5 Qxb5 26.c6 Rd3 27.Qf5 f6 28.Qh3 Rd5 29.c7 Rc5
30.Rxc5 Qxc5 31.Qd7 Kh7 32.Qd8  1-0

[Event "Jihlavanka Cup GMB"]
[Site "Olomouc CZE"]
[Date "2007.08.02"]
[Round "2"]
[White "Luch,M"]
[Black "Zakhartsov,V"]
[Result "1/2-1/2"]
[WhiteElo "2362"]
[BlackElo "2559"]

1.d4 Nf6 2.c4 e6 3.Nc3 Bb4 4.Qc2 O-O 5.a3 Bxc3+ 6.Qxc3 d6 7.Bg5 Nbd7 8.e3 b6
9.Be2 Bb7 10.Bf3 Qc8 11.Bxf6 Nxf6 12.Bxb7 Qxb7 13.Nf3 Rfc8 14.O-O c5 15.Rac1 cxd4
16.Qxd4 Rc6 17.Qd3 e5 18.Nd2 Qc7 19.Rc3 Rc8 20.Rfc1 h6 21.Ne4 Nxe4 22.Qxe4 Rc5  1/2-1/2

[Event "UTwente YM"]
[Site "Hengelo NED"]
[Date "2007.08.06"]
[Round "1"]
[White "Iljin,A"]
[Black "Bogner,S"]
[Result "1-0"]
[WhiteElo "2569"]
[BlackElo "2371"]

1.d4 Nf6 2.c4 e6 3.Nc3 Bb4 4.Qc2 O-O 5.a3 Bxc3+ 6.Qxc3 b6 7.Bg5 Bb7 8.e3 d6
9.Ne2 Nbd7 10.Qc2 c5 11.Rd1 Qc7 12.Nc3 cxd4 13.Rxd4 d5 14.cxd5 Nxd5 15.Bd3 h6
16.Nxd5 Qxc2 17.Ne7+ Kh8 18.Bxc2 Ne5 19.Rh4 Nd7 20.O-O f6 21.Bxh6  1-0

[Event "XVIII Kochan Mem"]
[Site "Koszalin POL"]
[Date "2007.08.06"]
[Round "2"]
[White "Shishkin,Va UKR"]
[Black "Kozak,Ma"]
[Result "1-0"]
[WhiteElo "2543"]
[BlackElo "2188"]

1.d4 Nf6 2.c4 e6 3.Nc3 Bb4 4.Qc2 O-O 5.Bg5 c5 6.e3 b6 7.Bd3 h6 8.Bh4 Bb7
9.Ne2 d6 10.dxc5 bxc5 11.O-O Bxc3 12.Qxc3 Nbd7 13.Rad1 Qb6 14.Rd2 Rfd8 15.Rfd1 Ne5
16.Bxf6 gxf6 17.Ng3 Kf8 18.Be4 Ke7 19.Bxb7 Qxb7 20.f4 Ng6 21.Nh5 e5 22.Qc2 Nh4
23.fxe5 fxe5 24.Ng3 Qd7 25.Qe4 Ng6 26.Nf5+ Kf8 27.Nxd6 Qc7 28.Rf1  1-0

[Event "ch-AUT w"]
[Site "Tweng AUT"]
[Date "2007.08.06"]
[Round "3"]
[White "Zechner,A"]
[Black "Kopinits,A"]
[Result "0-1"]
[WhiteElo "1965"]
[BlackElo "2152"]

1.d4 Nf6 2.c4 e6 3.Nc3 Bb4 4.Qc2 O-O 5.e3 d5 6.Nf3 c5 7.dxc5 Ne4 8.Bd2 Nxd2
9.Nxd2 d4 10.exd4 Qxd4 11.Rc1 Qxc5 12.a3 Qe5+ 13.Qe4 Qxe4+ 14.Ndxe4 Be7 15.Be2 Nc6
16.Rd1 Rd8 17.Rxd8+ Nxd8 18.O-O f5 19.Nd2 Nc6 20.Nf3 Bd7 21.Rd1 Rd8 22.Nb5 a6
23.Nbd4 Nxd4 24.Rxd4 Bf6 25.Rd2 Kf7 26.Kf1 Ke7 27.Ke1 Rc8 28.Kf1 b5 29.b3 bxc4
30.Bxc4 a5 31.a4 g5 32.Ke2 Bc6 33.Ne1 Bc3 34.Rd1 g4 35.g3 Bf6 36.Rc1 Rd8
37.Rd1 Bf3+ 38.Nxf3 gxf3+  0-1

[Event "FSIMB August"]
[Site "Budapest HUN"]
[Date "2007.08.07"]
[Round "2"]
[White "Gauri,S"]
[Black "Eperjesi,L"]
[Result "1/2-1/2"]
[WhiteElo "2177"]
[BlackElo "2264"]

1.d4 Nf6 2.c4 e6 3.Nc3 Bb4 4.Qc2 O-O 5.a3 Bxc3+ 6.Qxc3 d6 7.Bg5 Nbd7 8.e3 Qe8
9.Bd3 b6 10.Ne2 Bb7 11.f3 e5 12.e4 h6 13.Be3 exd4 14.Bxd4 Ne5 15.O-O Nfd7
16.Bc2 f6 17.Ng3 Kh8 18.Rac1 Nc6 19.Be3 Qe5 20.Qb3 Nd4 21.Qd3 Nxc2 22.Qxc2 Rae8
23.Ne2 Rf7 24.Bd4  1/2-1/2

[Event "Open"]
[Site "Kavala GRE"]
[Date "2007.08.07"]
[Round "4"]
[White "Grigorov,G"]
[Black "Morchiashvili,B"]
[Result "1/2-1/2"]
[WhiteElo "2460"]
[BlackElo "2415"]

1.d4 Nf6 2.c4 e6 3.Nc3 Bb4 4.Qc2 O-O 5.a3 Bxc3+ 6.Qxc3 b6 7.Bg5 Bb7 8.e3 d6
9.Ne2 Nbd7 10.Qd3 h6 11.Bh4 Ba6 12.Nc3 d5 13.Qc2 Bxc4 14.Bxc4 dxc4 15.Qa4 c5
16.Rd1 cxd4 17.Rxd4 Qc7 18.O-O a6 19.Rxc4 Qb7 20.Rd4 Rac8 21.Qd1 b5 22.Qe2 Rc4
23.Rxc4 bxc4 24.Rd1 Rb8 25.Rd2 Ne4 26.Nxe4 Qxe4 27.Rxd7 Qxh4 28.Rd4 Qf6 29.g3 a5
30.Qc2 g6 31.Kg2 Rc8  1/2-1/2

[Event "FIDE Cup"]
[Site "Olomouc CZE"]
[Date "2007.08.07"]
[Round "8"]
[White "Brooke,J ENG"]
[Black "Sonter,M"]
[Result "1/2-1/2"]
[WhiteElo "1887"]
[BlackElo "2183"]

1.d4 Nf6 2.c4 e6 3.Nc3 Bb4 4.Qc2 O-O 5.a3 Bxc3+ 6.Qxc3 b6 7.Bg5 Bb7 8.f3 h6
9.Bh4 d6 10.e3 Nbd7 11.Bd3 Qe7 12.Ne2 c5 13.O-O Rac8 14.Qd2 cxd4 15.exd4 d5
16.b3 dxc4 17.bxc4 Rfd8 18.Qe3 Ng4 19.Qxh6 gxh6 20.Bxe7 Ne3 21.Bxd8  1/2-1/2

[Event "12th WY U16 Ol"]
[Site "Singapore SIN"]
[Date "2007.08.07"]
[Round "5"]
[White "Fodor,T jr"]
[Black "Adhiban,B"]
[Result "1/2-1/2"]
[WhiteElo "2436"]
[BlackElo "2406"]

1.d4 Nf6 2.c4 e6 3.Nc3 Bb4 4.Qc2 O-O 5.a3 Bxc3+ 6.Qxc3 b6 7.Bg5 Bb7 8.Nf3 d6
9.Nd2 c5 10.dxc5 bxc5 11.e3 Nbd7 12.f3 Qb6 13.Bd3 d5 14.O-O h6 15.Bh4 e5
16.Qc2 d4 17.Rfe1 Rfe8 18.Bf2 a5 19.b3 a4 20.Reb1 axb3 21.Rxb3 Qc7 22.a4 Bc6
23.Rba3 Nb8 24.exd4 cxd4 25.c5 Na6 26.Bb5 Nd7 27.Nb3 Naxc5 28.Bc4 Nxb3 29.Bxb3 Qd6
30.Be1 Bd5 31.Bb4 Bxb3 32.Rxb3 Qd5 33.a5 Reb8 34.Rab1 Rb5 35.h3 g6 36.a6 Rb6
37.Ra3 Rc6 38.Qe2 Nb6 39.Ra5 d3 40.Rxd5 dxe2 41.Rxe5 Rxa6 42.Rxe2 Nd5 43.Be1 g5
44.Bf2 Kh7 45.Rd2 Nf4  1/2-1/2

[Event "Open"]
[Site "Olomouc CZE"]
[Date "2007.08.08"]
[Round "8"]
[White "Szoen,D"]
[Black "Johansson,Ja SWE"]
[Result "1/2-1/2"]
[WhiteElo "2452"]
[BlackElo "2441"]

1.d4 Nf6 2.c4 e6 3.Nc3 Bb4 4.Qc2 O-O 5.a3 Bxc3+ 6.Qxc3 b6 7.Bg5 Bb7 8.f3 d6
9.Nh3 h6 10.Bh4 Nbd7 11.e3 c5 12.Bd3 cxd4 13.Qxd4 Nc5 14.Bc2 e5 15.Qd2 Nfe4
16.Bxd8 Nxd2 17.Kxd2  1/2-1/2

[Event "Jihlavanka Cup GMB"]
[Site "Olomouc CZE"]
[Date "2007.08.08"]
[Round "10"]
[White "Maiorov,N"]
[Black "Luch,M"]
[Result "1/2-1/2"]
[WhiteElo "2487"]
[BlackElo "2362"]

1.d4 Nf6 2.c4 e6 3.Nc3 Bb4 4.Qc2 O-O 5.a3 Bxc3+ 6.Qxc3 d6 7.g3 Nbd7 8.Bg2 e5
9.d5 a5 10.b3 Nc5 11.Nf3 b5 12.O-O bxc4 13.bxc4 Nfe4 14.Qc2 Bd7 15.a4 Qe8
16.Nh4 f5 17.f3 Bxa4 18.Rxa4 Nxg3 19.hxg3 Qxa4 20.Qxa4 Nxa4 21.Bh3 g6 22.Bh6 Rfb8
23.e4 Nc3 24.exf5 Rb2 25.Rf2 Rxf2 26.Kxf2 Kf7 27.Bg5 a4 28.f6 a3 29.Be6+ Kf8
30.Bh6+ Ke8 31.f7+ Ke7 32.Bg5+ Kf8 33.Bh6+ Ke7 34.Bg5+  1/2-1/2